Geo #2: 25 U.S. States - Statistics

General Stats
  • This quiz has been taken 1,158 times
    427 since last reset
  • The average score is 18 of 25
Answers on the Map
Answers color-coded by a green-red scale on the quiz's map according to % correct below.
 
Answer Stats
Answer % Correct
Maine
86%
Alabama
84%
Alaska
84%
South Carolina
84%
New Mexico
81%
New York
81%
Texas
81%
Idaho
78%
Kentucky
78%
West Virginia
78%
Oregon
76%
Rhode Island
76%
Arizona
73%
North Carolina
73%
Indiana
70%
Arkansas
68%
Nebraska
68%
New Hampshire
68%
Utah
68%
New Jersey
65%
Wisconsin
65%
Missouri
62%
Wyoming
62%
Delaware
59%
Minnesota
59%
No matching quizzes found
Score Distribution
Percent of People with Each Score
Percentile by Number Answered
Your Score History
You have not taken this quiz since the last reset